| 000 | 00642nam a2200193Ia 4500 | ||
|---|---|---|---|
| 003 | GCL | ||
| 008 | 140319s9999 xx 000 0 ara d | ||
| 040 |
_aGCL / _cGCL |
||
| 082 | 0 | 4 |
_aم _b330.03 _bم ق |
| 100 | 1 | _aمحمد عمارة | |
| 245 | 1 | 0 |
_aقاموس المصطلحات الاقتصادية فى الحضارة الاسلامية / _cمحمد عمارة |
| 260 |
_a[S.N] : _bدار الشروق ، _c1993 |
||
| 300 | _a636 ص | ||
| 490 |
_aدراسة فى ازمة الخليج _v0 |
||
| 650 | 0 | 4 | _aالاقتصاد الاسلامى |
| 650 | 0 | 4 | _aالمعاجم |
| 650 | 0 | 4 | _aالمراجع المتخصصة |
| 942 |
_2ddc _cREF |
||
| 999 |
_c59742 _d59742 |
||